Migración femenina : su impacto en las relaciones de género /
En este libro se analiza el fenómeno migratorio desde la perspectiva de género, a partir de un trabajo antropológico sobre la emigración dominicana a Madrid. La autora estudia la desigualdad de género desde la dinámica de la división sexual del trabajo, el sistema de poder y autoridad, las ideología...
Đã lưu trong:
| Tác giả chính: | |
|---|---|
| Tác giả khác: | , |
| Định dạng: | Sách |
| Ngôn ngữ: | Tiếng Tây Ban Nha |
| Được phát hành: |
Madrid, España :
Narcea,
1998, c1998
|
| Loạt: | (Mujeres)
|
| Những chủ đề: | |
| Các nhãn: |
Không có thẻ, Là người đầu tiên thẻ bản ghi này!
|
MARC
| LEADER | 00000nam^a2200000^a^4500 | ||
|---|---|---|---|
| 001 | 000181752 | ||
| 005 | 20250521000000.0 | ||
| 009 | 20260310101942.802 | ||
| 020 | |a 84-277-1250-2 | ||
| 037 | |a Acervo ITESO - Biblioteca | ||
| 041 | |a ESP | ||
| 082 | |a 304. 8464107293 |b GRE | ||
| 100 | |a Gregorio Gil, Carmen |e (autor) | ||
| 245 | 1 | 0 | |a Migración femenina : |b su impacto en las relaciones de género / |c C. Gregorio Gil ; pról. de V. Maquieira. |
| 264 | 4 | |a Madrid, España : |b Narcea, |c 1998, c1998 | |
| 300 | |a 285 p. | ||
| 336 | |a texto |b txt |2 rdacontenido | ||
| 337 | |a sin mediación |b n |2 rdamedio | ||
| 338 | |a volumen |b nc |2 rdasoporte | ||
| 440 | 1 | |a (Mujeres) | |
| 520 | |a En este libro se analiza el fenómeno migratorio desde la perspectiva de género, a partir de un trabajo antropológico sobre la emigración dominicana a Madrid. La autora estudia la desigualdad de género desde la dinámica de la división sexual del trabajo, el sistema de poder y autoridad, las ideologías de género y los modos de legitimación de las relaciones de desigualdad. | ||
| 649 | |a XX | ||
| 650 | |a Mujeres Dominicanas - |x Condiciones Laborales | ||
| 650 | |a Mujeres Dominicanas - |x Condiciones Sociales y Culturales | ||
| 650 | |a Dominicanos en Madrid, España - |x Condiciones Sociales y Culturales | ||
| 650 | |a Emigración - |z República Dominicana | ||
| 650 | |a Inmigración - |z Madrid, España | ||
| 650 | |a Migración - |z España-República Dominicana | ||
| 650 | |a Igualdad y Desigualdad - |z España - |x Tema Principal | ||
| 650 | |a Discriminación de Género - |z España | ||
| 650 | |a Roles de Género - |z España | ||
| 650 | |a Identidad de Género - |z España | ||
| 650 | |a Género - |z España | ||
| 650 | |a Identidad Cultural | ||
| 650 | |a Sociología de la Cultura | ||
| 700 | |a Maquieira, Virginia |e (prólogo) | ||
| 700 | |a Sánchez Korrol, Virginia |e (autor) | ||
| 910 | |a Fondo General | ||
| 920 | |a Impresos - Libros | ||
| 930 | |a Colección General | ||
| 905 | |a 101 | ||
| 901 | |a 0500121667 |b IT1 |c ACC |u 20250521 | ||
| 902 | |a https://opac.biblio.iteso.mx/vufind/Record/000181752 | ||